Legislación electoral de la República Dominicana
में बचाया:
| मुख्य लेखकों: | , , , |
|---|---|
| स्वरूप: | पुस्तक |
| भाषा: | स्पेनिश |
| प्रकाशित: |
San José
Instituto Interamericano de Derechos Humanos
1986
|
| श्रृंखला: | Cuadernos Capel, 9
|
| विषय: | |
| टैग: |
टैग जोड़ें
कोई टैग नहीं, इस रिकॉर्ड को टैग करने वाले पहले व्यक्ति बनें!
|
MARC
| LEADER | 00000nam a2200000 a 4500 | ||
|---|---|---|---|
| 001 | UCY9176 | ||
| 003 | CL-VaPUC | ||
| 008 | 950713e19860000CR |||||||||||||||||spa|d | ||
| 082 | 0 | 4 | |a 324 |b BRE |2 21 |
| 100 | 0 | |a Brea Franco, Julio |e author |9 341216 | |
| 700 | 0 | |a Butlén Varona, Nelson |e author |9 341217 | |
| 700 | 0 | |a Campillo Pérez, Julio |e author |9 341218 | |
| 700 | 0 | |a Silié Gatón, José A |e author |9 341219 | |
| 245 | 1 | 0 | |a Legislación electoral de la República Dominicana |
| 300 | |a 74 p | ||
| 942 | |c BK | ||
| 945 | |d 19950713 00:00:00 |a rbrito | ||
| 260 | |a San José |b Instituto Interamericano de Derechos Humanos |c 1986 | ||
| 650 | 0 | |a Elecciones |9 254997 | |
| 650 | 7 | |a REFORMA |2 CL-VaPUC |9 319527 | |
| 650 | 0 | |a Política |9 255312 | |
| 650 | 0 | |a Registri civil |9 341220 | |
| 650 | 7 | |a LEGISLACION |2 CL-VaPUC |9 341221 | |
| 651 | 7 | |a REPUBLICA DOMINICANA |2 CL-VaPUC |9 257737 | |
| 583 | |a last modification |c 20120903 06:27:27 |k Rodrigo Vera | ||
| 490 | 0 | |a Cuadernos Capel, 9 | |
| 999 | |c 236305 |d 236303 | ||
| 952 | |0 0 |1 0 |4 0 |6 324_000000000000000_BRE_1986 |7 0 |8 A |9 244337 |a BIBHIS |b BIBHIS |d 2019-11-18 |i 2005697 |o 324 BRE 1986 |p 2005697 |r 2025-01-20 |w 2019-11-18 |y BK |k HIS | ||